000
00327nam a2200133 a 4500
005
20140414132113.0
008
110815s19uu xx 00 eng d
050
_a
REF 030
_b
M11 1993
100
_a
Mckie, Anne
245
_a
Picture Encyclopedia.
260
_a
China :
_b
Grandreams,
_c
1993.
999
_c
114823
_d
114823